[Event "CHI BioBio Region-ch U18"]
[Site "Los Angeles"]
[Date "2015.07.22"]
[Round "8.2"]
[White "Fica Anabalon, Brandon"]
[Black "Molina Gallardo, Nicolas"]
[Result "1/2-1/2"]
[WhiteElo "1534"]
[BlackElo "1395"]
[PlyCount "76"]
[EventDate "2015.07.20"]
[EventType "tourn"]
[EventRounds "9"]
[EventCountry "CHI"]
[SourceTitle "EXT 2024"]
[Source "ChessBase"]
[SourceDate "2023.10.10"]
[SourceVersion "1"]
[SourceVersionDate "2023.10.10"]
[SourceQuality "1"]

1. d4 d6 2. c4 Nf6 3. Bg5 Nbd7 4. Nc3 g6 5. Nf3 Bg7 6. e4 h6 7. Bxf6 Nxf6 8. Be2 0-0 9. 0-0 b6 10. Rb1 Bb7 11. Qc2 c5 12. d5 Re8 13. a3 a6 14. b4 cxb4 15. axb4 Rc8 16. Qd2 Nd7 17. Nd4 Ne5 18. Qa2 Nxc4 19. Bxc4 Bxd4 20. Ne2 b5 21. Bxb5 Bxf2+ 22. Rxf2 axb5 23. Qd2 Kg7 24. Rbf1 Rf8 25. Qd4+ Kg8 26. Nf4 Rc4 27. Qb2 Qb6 28. Kh1 f6 29. Nxg6 Rf7 30. Nxe7+ Rxe7 31. Qxf6 Qd8 32. Qg6+ Rg7 33. Rf8+ Qxf8 34. Rxf8+ Kxf8 35. Qxd6+ Kg8 36. Qe6+ Kh7 37. Qf5+ Kg8 38. Qe6+ Kh7 1/2-1/2